000 00201nam a22000857a 4500
008 161220b xxu||||| |||| 00| 0 eng d
100 _92141
_aCBSE
245 _aEnglish-Q.P-X
260 _aNew Delhi
_bCBSE
_c2011
999 _c5035
_d5035